000 00642nam a2200253Ia 4500
005 20260121153807.0
008 008 260114s9999 xx 000 0 eng d
020 _a9781315167848
037 _aEBOOK
040 _aCRL
040 _beng
040 _cCRL
041 _2eng
041 _aeng
084 _qCRL
100 _aLynn O'Brien Hallstein; Andrea O'Reilly; Melinda Giles
_9999190
245 4 _aThe Routledge Companion to Motherhood
260 _bTaylor and Francis
260 _c2020
856 _uhttp://www.taylorfrancis.com/books/9781315167848
942 _cEBOOK
999 _c1566011
_d1566011